L'Italie du XVIe. siecle (Record no. 71195)

MARC details
000 -LEADER
campo de control de longitud fija 00576nam a2200181 i 4500
001 - NÚMERO DE CONTROL
campo de control 71195
003 - IDENTIFICADOR DE NÚMERO DE CONTROL
campo de control ES-MaACL
005 - FECHA Y HORA DE LA ÚLTIMA TRANSACCIÓN
campo de control 20251210143311.0
007 - CAMPO FIJO DE DESCRIPCIÓN FÍSICA--INFORMACIÓN GENERAL
campo de control de longitud fija t|
008 - DATOS DE LONGITUD FIJA--INFORMACIÓN GENERAL
campo de control de longitud fija 040806s1904 fr ||||1| fre d
100 1# - ENTRADA PRINCIPAL--NOMBRE DE PERSONA
Nombre de persona Gauthiez, Pierre.
9 (RLIN) 56044
245 12 - MENCIÓN DEL TÍTULO
Título L'Italie du XVIe. siecle
Resto del título : Lorenzaccio : (Lorenzino de Médicis) : 1514-1548 /
Mención de responsabilidad, etc. par Pierre Gauthiez.
260 ## - PUBLICACIÓN, DISTRIBUCIÓN, ETC.
Lugar de publicación, distribución, etc. Paris :
Nombre del editor, distribuidor, etc. [s.n.,
Fecha de publicación, distribución, etc. 1904] (
Fabricante J. Dumoulin)
300 ## - DESCRIPCIÓN FÍSICA
Extensión 176 p., 8 lám. ;
Dimensiones 23 cm.
600 17 - PUNTO DE ACCESO ADICIONAL DE MATERIA--NOMBRE DE PERSONA
Nombre de persona Medici, Lorenzino de,
Fechas asociadas al nombre 1514-1548
Fuente del encabezamiento o término
9 (RLIN) 154709
852 ## - LOCALIZACIÓN
Ubicación ES-MaACL
Número de control de estantería A-3524
Holdings
Estatus retirado Estado de pérdida Estado de daño No para préstamo Biblioteca de origen Biblioteca actual Ubicación en estantería Fecha de adquisición Fuente de adquisición Total de préstamos Signatura topográfica completa Código de barras Visto por última vez Precio de reemplazo Tipo de ítem Koha
        Biblioteca del Ateneo de Madrid Biblioteca del Ateneo de Madrid Sala Pecera Planta 1 17/01/2008     A-3524 1074545 23/02/2023 23/02/2023 Libro impreso